[Event "Klatovy op-B 29th"]
[Site "Klatovy"]
[Date "2023.07.04"]
[Round "4"]
[White "Sindelar, Jan"]
[Black "Kvaca, Frantisek"]
[Result "1-0"]
[WhiteElo "1611"]
[BlackElo "1376"]
[PlyCount "39"]
[EventDate "2023.07.01"]
[EventType "swiss"]
[EventRounds "9"]
[EventCountry "CZE"]
[SourceTitle "CBM 215 Extra"]
[Source "ChessBase"]
[SourceDate "2023.09.30"]
[SourceVersion "1"]
[SourceVersionDate "2023.09.30"]
[SourceQuality "1"]

1. e4 e5 2. Nf3 Nc6 3. d4 exd4 4. Bc4 h6 5. 0-0 Bc5 6. c3 Qf6 7. e5 Qd8 8. cxd4 Bb6 9. b4 d5 10. exd6 Qxd6 11. Qb3 Qg6 12. Re1+ Nge7 13. Bb2 Kf8 14. d5 Nd8 15. Ne5 Qf5 16. Re2 c6 17. d6 Ng6 18. Bd3 Qh5 19. d7 Nf4 20. Ng6+ 1-0